000 00828nam a2200157 a 4500
008 120416s0000 ||||||||||||||||| || u
020 _a8187336218
050 _aTP 370 Chi
100 _aChintamani, Raghuraj
245 1 0 _aAdvances in agro industry and food processing
260 _aNew Delhi
_bDorminant publishers & distributors
_c1999
350 _a0.00
995 _aANNEX COLLECTION (Main Library)
_D0.00
_e732400
_FCBU-MAIN LIBRARY (Kitwe)
_H3
_I0.00
_jTP 370 Chi
_M3
_UAVAILABLE
_y029592
_ZAnnex Low-Usage Collection
995 _aANNEX COLLECTION (Main Library)
_D0.00
_e029591
_FCBU-MAIN LIBRARY (Kitwe)
_H1
_I0.00
_jTP 370 Chi
_UAVAILABLE
_y029591
_ZAnnex Low-Usage Collection
995 _aANNEX COLLECTION (Main Library)
_D0.00
_e732401
_FCBU-MAIN LIBRARY (Kitwe)
_H2
_I0.00
_jTP 370 Chi
_M2
_UAVAILABLE
_y029590
_ZAnnex Low-Usage Collection
999 _c83734
_d83734